La 1ère liste de Deschamps en équipe de France de football. - Statistiques

Statistiques générales
  • Ce quiz a été pris 203 fois
  • Le résultat moyen est 11 sur 22
Statistiques - réponses
Poste Joueur % Correct
Gardien Hugo Lloris
99%
Gardien Steve Mandanda
92%
Attaquant Karim Benzema
89%
Attaquant Olivier Giroud
82%
Défenseur Raphaël Varane
76%
Attaquant Franck Ribéry
71%
Défenseur Patrice Evra
69%
Attaquant Mathieu Valbuena
67%
Défenseur Laurent Koscielny
63%
Milieu Blaise Matuidi
61%
Défenseur Mamadou Sakho
53%
Défenseur Mathieu Debuchy
50%
Défenseur Gaël Clichy
43%
Défenseur Christophe Jallet
37%
Attaquant Dimitri Payet
30%
Milieu Rio Mavuba
23%
Milieu Marvin Martin
16%
Attaquant Bafétimbi Gomis
14%
Milieu Étienne Capoue
11%
Milieu Maxime Gonalons
11%
Attaquant Jimmy Briand
8%
Défenseur Mapou Yang-Mbiwa
2%
Aucun quiz correspondant
Distribution des résultats
% des personnes avec chaque résultat
Percentile par nombre de réponses
Votre historique - résultats
Vous n’avez pas pris ce quiz